000 00678nam a2200193 i 4500
001 8863
003 ES-MaACL
005 20230906145541.0
008 131114s2006 sp ||||1| spa d
080 _a821.134.2-14"19"
100 1 _aLizcano, Mariano.
_9153826
245 1 0 _aRomancero quijano /
_cMariano Lizcano Ramos.
260 _aAlcázar de San Juan :
_bPatronato Municipal de Cultura,
_c[2006]
300 _a2 v. :
_bil. ;
_c22 cm.
594 _aAdaptación de: Don Quijote de la Mancha / Miguel de Cervantes Saavedra.
600 1 4 _aCervantes Saavedra, Miguel de,
_d1547-1616.
_tDon Quijote de la Mancha
_937612
852 _aES-MaACL
_jA-10335-36
999 _c8863
_d8863